000 00641nam a2200277Ia 4500
005 20260324135348.0
008 008 260324s9999 xx 000 0 eng d
020 _a9781315196312
037 _aEBOOK
040 _aCRL
040 _beng
040 _cCRL
041 _2eng
041 _aeng
084 _qCRL
100 _aJonathan Bradshaw; Roy Sainsbury
_91200317
245 0 _aExperiencing Poverty
260 _bTaylor and Francis
260 _c2000
365 _a
365 _b180
856 _uhttp://www.taylorfrancis.com/books/9781315196312
942 _cEBOOK
999 _c1801299
_d1801299